[Event "Satka Autumn op (Women)"]
[Site "Satka"]
[Date "2018.09.18"]
[Round "8"]
[White "Mikheeva, Galina"]
[Black "Lapteva, Yulia"]
[Result "1-0"]
[WhiteElo "1767"]
[BlackElo "1074"]
[PlyCount "65"]
[EventDate "2018.09.11"]
[EventType "swiss"]
[EventRounds "9"]
[EventCountry "RUS"]
[SourceTitle "CBM 186 Extra"]
[Source "ChessBase"]
[SourceDate "2018.08.24"]
[SourceVersion "1"]
[SourceVersionDate "2018.08.24"]
[SourceQuality "1"]

1. e4 e5 2. Nf3 Nf6 3. Nc3 Nc6 4. d4 exd4 5. Nxd4 Bb4 6. Nxc6 bxc6 7. Bd3 d5 8. exd5 cxd5 9. Qe2+ Qe7 10. Qxe7+ Kxe7 11. 0-0 h6 12. Bf4 c6 13. Rfe1+ Be6 14. Bd2 Bd6 15. Re2 Rhe8 16. Rae1 Kd7 17. Na4 Bg4 18. f3 Rxe2 19. Rxe2 Be6 20. Be3 Nh5 21. g3 Kc7 22. Nc5 a5 23. Bd4 Re8 24. f4 Bxc5 25. Bxc5 Kd7 26. f5 Nf6 27. fxe6+ fxe6 28. Bd4 Kd6 29. Be5+ Ke7 30. Bc3 Kf7 31. Bxa5 Ra8 32. b4 Ke7 33. Bf5 1-0

[Event "Satka Autumn op (Women)"]
[Site "Satka"]
[Date "2018.09.16"]
[Round "6"]
[White "Matsenko, Elena"]
[Black "Lapteva, Yulia"]
[Result "1-0"]
[WhiteElo "1854"]
[BlackElo "1074"]
[PlyCount "85"]
[EventDate "2018.09.11"]
[EventType "swiss"]
[EventRounds "9"]
[EventCountry "RUS"]
[SourceTitle "CBM 186 Extra"]
[Source "ChessBase"]
[SourceDate "2018.08.24"]
[SourceVersion "1"]
[SourceVersionDate "2018.08.24"]
[SourceQuality "1"]

1. e4 e5 2. Nf3 Nf6 3. Nxe5 d6 4. Nf3 Nxe4 5. Nc3 Nxc3 6. dxc3 Be7 7. Bf4 Be6 8. Nd4 Qd7 9. Bb5 c6 10. Nxe6 Qxe6+ 11. Be2 d5 12. Qd2 Nd7 13. 0-0-0 Nf6 14. Kb1 a5 15. f3 b5 16. Rhe1 0-0 17. Bd3 Qd7 18. g4 b4 19. c4 Qb7 20. g5 Ne8 21. cxd5 c5 22. d6 Bxd6 23. Be4 Bxf4 24. Qxf4 Qb8 25. Qh4 g6 26. Bxa8 Qxa8 27. Qe4 Qb8 28. Qe5 Nc7 29. Qxc5 a4 30. Qd6 Ne6 31. Qxb8 Rxb8 32. h4 b3 33. c3 Kf8 34. Re4 Ra8 35. axb3 axb3 36. Rb4 Nc5 37. Rb5 Rc8 38. Kc1 Ke7 39. Rd5 Na6 40. Rxb3 Kf8 41. Rb6 Nb8 42. Kc2 Re8 43. b4 1-0

[Event "Satka Autumn op"]
[Site "Satka"]
[Date "2017.09.20"]
[Round "9.12"]
[White "Lapteva, Yulia"]
[Black "Surovtseva, Alisa"]
[Result "0-1"]
[WhiteElo "1026"]
[BlackElo "1623"]
[PlyCount "46"]
[EventDate "2017.09.12"]
[EventType "swiss"]
[EventRounds "9"]
[EventCountry "RUS"]
[SourceTitle "EXT 2022"]
[Source "ChessBase"]
[SourceDate "2021.10.06"]
[SourceVersion "1"]
[SourceVersionDate "2021.10.06"]
[SourceQuality "1"]

1. d4 d5 2. Nf3 Nf6 3. g3 Bf5 4. Bg2 c6 5. 0-0 e6 6. b3 Bd6 7. Bb2 0-0 8. Nbd2 Nbd7 9. c4 h6 10. c5 Bc7 11. b4 Ne4 12. Nh4 Bh7 13. f4 Bxf4 14. Nxe4 dxe4 15. Bxe4 Be3+ 16. Kh1 Bxe4+ 17. Ng2 Nf6 18. h3 Qd5 19. Kh2 Bxg2 20. Re1 Bxh3 21. Kxh3 Qf5+ 22. Kg2 Qf2+ 23. Kh1 Ng4 0-1

[Event "Satka Autumn op"]
[Site "Satka"]
[Date "2017.09.17"]
[Round "6"]
[White "Kilina, Elizaveta"]
[Black "Lapteva, Yulia"]
[Result "0-1"]
[WhiteElo "1186"]
[BlackElo "1026"]
[PlyCount "90"]
[EventDate "2017.09.12"]
[EventType "swiss"]
[EventRounds "9"]
[EventCountry "RUS"]
[SourceTitle "CBM 180 Extra"]
[Source "ChessBase"]
[SourceDate "2017.10.06"]
[SourceVersion "1"]
[SourceVersionDate "2017.10.06"]
[SourceQuality "1"]

1. e4 e5 2. Nf3 Nf6 3. Nxe5 d6 4. Nxf7 Kxf7 5. Nc3 Be6 6. d4 Nbd7 7. d5 Bg4 8. Be2 Bxe2 9. Qxe2 Be7 10. Be3 Rf8 11. 0-0-0 Ne5 12. h3 a6 13. f4 Ng6 14. g3 b5 15. Nb1 Nxe4 16. Qf3 Nf6 17. g4 Kg8 18. h4 Nd7 19. Qg3 Nxh4 20. Qh3 h6 21. g5 Nf5 22. Rdg1 Kh7 23. gxh6 gxh6 24. Nd2 Rf6 25. Ne4 Rf7 26. Qh5 Qf8 27. Qg6+ Kh8 28. Ng5 Bxg5 29. Qxg5 Qg7 30. Qxg7+ Rxg7 31. Rxg7 Kxg7 32. Bd2 Nc5 33. Bc3+ Kh7 34. Rg1 Rg8 35. Re1 h5 36. Rh1 Ng3 37. Rh2 h4 38. Rxh4+ Kg6 39. Rg4+ Kf7 40. Rh4 Ne2+ 41. Kd2 Nxc3 42. Kxc3 Na4+ 43. Kb3 Nc5+ 44. Kc3 Rg3+ 45. Kb4 Re3 0-1

[Event "Satka Autumn op"]
[Site "Satka"]
[Date "2017.09.15"]
[Round "4"]
[White "Simakova, Elena"]
[Black "Lapteva, Yulia"]
[Result "1-0"]
[WhiteElo "1951"]
[BlackElo "1026"]
[PlyCount "97"]
[EventDate "2017.09.12"]
[EventType "swiss"]
[EventRounds "9"]
[EventCountry "RUS"]
[SourceTitle "CBM 180 Extra"]
[Source "ChessBase"]
[SourceDate "2017.10.06"]
[SourceVersion "1"]
[SourceVersionDate "2017.10.06"]
[SourceQuality "1"]

1. e4 e5 2. Nf3 Nf6 3. Nxe5 d6 4. Nc4 Nxe4 5. Nc3 Nxc3 6. bxc3 Be7 7. d4 d5 8. Ne3 0-0 9. Bd3 c5 10. Qh5 g6 11. Qxd5 cxd4 12. cxd4 Nc6 13. Qxd8 Rxd8 14. c3 Be6 15. Ke2 Rac8 16. Bd2 f5 17. f4 Kg7 18. Rab1 b6 19. Rb5 Bd7 20. d5 Na5 21. Rbb1 Be8 22. Rbc1 Bf7 23. Ba6 Rc7 24. c4 Nb7 25. Bc3+ Bf6 26. Bxb7 Rxb7 27. Kd3 Bxc3 28. Kxc3 Rc7 29. Kd3 a6 30. a4 Rb7 31. Rb1 Rdb8 32. g3 Be8 33. Ra1 Kf7 34. Rhe1 Rd8 35. Kd4 b5 36. axb5 axb5 37. c5 b4 38. Nc4 Kf8 39. Nd6 Rbb8 40. Rab1 Ba4 41. Nc4 Bc2 42. Rb2 Be4 43. Nb6 Rxb6 44. cxb6 Rxd5+ 45. Kc4 Rd6 46. Rxb4 Bd3+ 47. Kc5 Rd8 48. b7 Rb8 49. Kc6 1-0

[Event "Satka Autumn op"]
[Site "Satka"]
[Date "2017.09.13"]
[Round "2"]
[White "Lapteva, Yulia"]
[Black "Chan, Naruna"]
[Result "0-1"]
[WhiteElo "1026"]
[BlackElo "1951"]
[PlyCount "46"]
[EventDate "2017.09.12"]
[EventType "swiss"]
[EventRounds "9"]
[EventCountry "RUS"]
[SourceTitle "CBM 180 Extra"]
[Source "ChessBase"]
[SourceDate "2017.10.06"]
[SourceVersion "1"]
[SourceVersionDate "2017.10.06"]
[SourceQuality "1"]

1. d4 f5 2. Nf3 d6 3. g3 g6 4. Bg2 Bg7 5. 0-0 Nf6 6. c4 0-0 7. Bf4 c6 8. Nc3 Qe8 9. Qb3 Kh8 10. Rfe1 Nh5 11. Bd2 e5 12. dxe5 dxe5 13. e4 f4 14. Kh1 Na6 15. Na4 Qf7 16. Rad1 Rb8 17. Nc3 Bg4 18. h3 Bxf3 19. Bxf3 fxg3 20. Bxh5 gxf2 21. Rf1 gxh5 22. Be3 Qf3+ 23. Kh2 Qxe3 0-1

[Event "Satka Autumn op"]
[Site "Satka"]
[Date "2017.09.12"]
[Round "1"]
[White "Lapteva, Yulia"]
[Black "Nasybullina, Dayana"]
[Result "0-1"]
[WhiteElo "1026"]
[BlackElo "1724"]
[PlyCount "52"]
[EventDate "2017.09.12"]
[EventType "swiss"]
[EventRounds "9"]
[EventCountry "RUS"]
[SourceTitle "CBM 180 Extra"]
[Source "ChessBase"]
[SourceDate "2017.10.06"]
[SourceVersion "1"]
[SourceVersionDate "2017.10.06"]
[SourceQuality "1"]

1. d4 Nf6 2. Nf3 c5 3. c3 e6 4. g3 d5 5. Bf4 Nc6 6. Bg2 cxd4 7. cxd4 Bd6 8. 0-0 0-0 9. Nc3 a6 10. a4 h6 11. Re1 Ne4 12. Nxe4 dxe4 13. Ne5 Bxe5 14. Bxe5 Nxe5 15. dxe5 f5 16. exf6 Qxf6 17. f3 exf3 18. Bxf3 Qxb2 19. Rb1 Qe5 20. Bxb7 Bxb7 21. Rxb7 Qe3+ 22. Kh1 Qe4+ 23. Kg1 Qxb7 24. Qd6 Rf6 25. Qe5 Raf8 26. a5 Qa7+ 0-1